000 00289nam a22001217a 4500
008 180730b xxu||||| |||| 00| 0 eng d
082 _a813.52
245 _aThe Start Smart Guide for students
_cThomson
260 _c2006
300 _a1
_fCD
440 _x9780495318675
942 _2ddc
_cMX
999 _c46689
_d46689